000 00494pab a2200181 454500
008 180718b2013 xxu||||| |||| 00| 0 eng d
100 _aBakvis, Herman
245 _aIn the shadows of hierarchy: Intergovernmental governance in Canada and the European Union
260 _c2013
300 _ap.203-218.
362 _aJan
650 _aEuropean Union
650 _aFederalism - Canada
650 _aFederalism
773 _aCanadian Public Administration
908 _aN
909 _a99626
999 _c99625
_d99625